000 00333nam a22001457a 4500
999 _c2749
_d2749
003 NUST
020 _a9789380013114
038 _aA
082 _a302.234
100 _aArshad ansari
_931316
245 _aTelevision field production and reporting
260 _aDelhi
_bManglam publications
_c2009.
300 _a304p
942 _cBK
_2ddc